Week-end en Guatemala

Salvato in:
Dettagli Bibliografici
Autore principale: Asturias, Miguel Angel (Autore)
Natura: Libro
Lingua:spagnolo
Pubblicazione: Buenos Aires Goyanarte 1958
Edizione:2a. ed
Soggetti:
Tags: Aggiungi Tag
Nessun Tag, puoi essere il primo ad aggiungerne!!

MARC

LEADER 00000nam a2200000 a 4500
001 UCX2734
003 CL-VaPUC
008 910807e19580000AG |||||||||||||||||spa|d
082 0 4 |a Gu863  |b AST  |2 21 
100 0 |a Asturias, Miguel Angel  |e author  |9 309802 
245 1 0 |a Week-end en Guatemala 
250 |a 2a. ed 
300 |a 229 p 
942 |c BK 
945 |d 19910807 00:00:00 
260 |a Buenos Aires  |b Goyanarte  |c 1958 
650 0 |a Cuentos guatemaltecos  |9 318802 
583 |a last modification  |c 19910807 00:00:00  |k Rodrigo Vera 
999 |c 223683  |d 223681 
952 |0 0  |1 0  |4 0  |6 GU_863_000000000000000_AST_1958  |7 0  |8 A  |9 219707  |a BIBEDU  |b BIBEDU  |d 2019-11-15  |i 2884178  |o Gu863 AST 1958  |p 2884178  |r 2019-11-15  |w 2019-11-15  |y BK  |k LIT